|
|
|
|
| LEADER |
02582nam a2200649 4500 |
| 001 |
ocn856076304 |
| 003 |
OCoLC |
| 005 |
20170124072656.2 |
| 006 |
m o d |
| 007 |
cr ||||||||||| |
| 008 |
130816s2013 enk o 001 0 eng |
| 010 |
|
|
|a 2013033489
|
| 040 |
|
|
|a DLC
|b eng
|e rda
|e pn
|c DLC
|d YDX
|d IDEBK
|d N$T
|d DG1
|d CUS
|d YDXCP
|d OCLCF
|d OCLCO
|d OCL
|d OCLCO
|d OCLCQ
|d EBLCP
|d OCLCO
|d DEBSZ
|d OCLCO
|d DG1
|d GrThAP
|
| 020 |
|
|
|a 9781118341773
|q (ePub)
|
| 020 |
|
|
|a 1118341775
|q (ePub)
|
| 020 |
|
|
|a 9781118341759
|q (Adobe PDF)
|
| 020 |
|
|
|a 1118341759
|q (Adobe PDF)
|
| 020 |
|
|
|a 9781118341742
|q (electronic bk.)
|
| 020 |
|
|
|a 1118341740
|q (electronic bk.)
|
| 020 |
|
|
|z 9781118341711
|q (hardback)
|
| 029 |
1 |
|
|a AU@
|b 000051853013
|
| 029 |
1 |
|
|a DEBBG
|b BV041913037
|
| 029 |
1 |
|
|a NZ1
|b 15341526
|
| 029 |
1 |
|
|a DEBSZ
|b 454927592
|
| 035 |
|
|
|a (OCoLC)856076304
|
| 042 |
|
|
|a pcc
|
| 050 |
0 |
0 |
|a TP248.65.E59
|
| 072 |
|
7 |
|a SCI
|x 007000
|2 bisacsh
|
| 082 |
0 |
0 |
|a 572/.7
|2 23
|
| 084 |
|
|
|a TEC009010
|2 bisacsh
|
| 049 |
|
|
|a MAIN
|
| 100 |
1 |
|
|a Illanes, Andrés.
|
| 245 |
1 |
0 |
|a Problem solving in enzyme biocatalysis /
|c Andres Illanes, Lorena Wilson, Carlos Vera.
|
| 264 |
|
1 |
|a Chichester, West Sussex, United Kingdom :
|b Wiley,
|c 2013.
|
| 300 |
|
|
|a 1 online resource.
|
| 336 |
|
|
|a text
|b txt
|2 rdacontent
|
| 337 |
|
|
|a computer
|b c
|2 rdamedia
|
| 338 |
|
|
|a online resource
|b cr
|2 rdacarrier
|
| 500 |
|
|
|a Includes index.
|
| 520 |
|
|
|a "The only book to approach enzyme kinetics with a problem-solving focus, for practical applications in the food, pharmaceutical, and fine chemistry industry"--
|c Provided by publisher.
|
| 588 |
0 |
|
|a Print version record and CIP data provided by publisher.
|
| 650 |
|
0 |
|a Enzymes
|x Biotechnology.
|
| 650 |
|
0 |
|a Biocatalysis.
|
| 650 |
|
0 |
|a Enzyme kinetics.
|
| 650 |
|
0 |
|a Enzymes
|x Industrial applications.
|
| 650 |
|
7 |
|a TECHNOLOGY & ENGINEERING
|x Chemical & Biochemical.
|2 bisacsh
|
| 650 |
|
7 |
|a Biocatalysis
|2 fast
|0 (OCoLC)fst01896571
|
| 650 |
|
7 |
|a Enzyme kinetics.
|2 fast
|0 (OCoLC)fst00913601
|
| 650 |
|
7 |
|a Enzymes
|x Biotechnology.
|2 fast
|0 (OCoLC)fst00913608
|
| 650 |
|
7 |
|a Enzymes
|x Industrial applications.
|2 fast
|0 (OCoLC)fst00913615
|
| 655 |
|
4 |
|a Electronic books.
|
| 655 |
|
0 |
|a Electronic books.
|
| 700 |
1 |
|
|a Wilson, Lorena.
|
| 700 |
1 |
|
|a Vera, Carlos.
|
| 776 |
0 |
8 |
|i Print version:
|a Illanes, Andrés.
|t Problem solving in enzyme biocatalysis.
|d Chichester, West Sussex, United Kingdom : Wiley, 2013
|z 9781118341711
|w (DLC) 2013029486
|
| 856 |
4 |
0 |
|u https://doi.org/10.1002/9781118341742
|z Full Text via HEAL-Link
|
| 994 |
|
|
|a 92
|b DG1
|